000 00285nam a2200109Ia 4500
008 200302s9999 xx 000 0 und d
100 _aToby Banard (Edi)
245 _aLord Burlington Architecture Art And Life
260 _bThe Hambledon Press, London
260 _c1995
300 _a328 P
999 _c4752
_d4752